ՀՀ Գիտությունների ազգային ակադեմիայի հիմնարար գիտական գրադարան  =   Fundamental Scientific Library of NAS RA
Normal view MARC view

Entry Personal Name

Number of records used in: 14

001 - CONTROL NUMBER

  • control field: 2816

003 - CONTROL NUMBER IDENTIFIER

  • control field: AM-YEHGA

005 - DATE AND TIME OF LATEST TRANSACTION

  • control field: 20250617070439.0

008 - FIXED-LENGTH DATA ELEMENTS

  • fixed length control field: 060328 a|ac|n|aab||||||||||||a |n|||||||

040 ## - CATALOGING SOURCE

  • Original cataloging agency: AM-YEHGA

100 1# - HEADING--PERSONAL NAME

  • Personal name: Վարդապետյան, Արփիկ Ղուկասի,
  • Dates associated with a name: 1912-1994

400 1# - SEE FROM TRACING--PERSONAL NAME

  • Personal name: Վարդապետյան, Արփիկ,
  • Dates associated with a name: 1912-1994

400 1# - SEE FROM TRACING--PERSONAL NAME

  • Personal name: Վարդապետյան, Ա.Ղ.
  • Fuller form of name: (Արփիկ Ղուկասի),
  • Dates associated with a name: 1912-1994

400 1# - SEE FROM TRACING--PERSONAL NAME

  • Personal name: Վարդապետյան, Ա.
  • Fuller form of name: (Արփիկ),
  • Dates associated with a name: 1912-1994

400 1# - SEE FROM TRACING--PERSONAL NAME

  • Personal name: Вартапетян, Арпик Гукасовна,
  • Dates associated with a name: 1912-1994

400 1# - SEE FROM TRACING--PERSONAL NAME

  • Personal name: Vardapetyan, Arpik Ghukasi,
  • Dates associated with a name: 1912-1994

670 ## - SOURCE DATA FOUND

  • Source citation: Խաչատրյան Հ.Հ. Գրական տեղեկատու, 1986 :
  • Information found: (Վարդապետյան Արփիկ Ղուկասի (12.11.1912, գ. Բոգդանովկա (ՎՍՍՀ)), թարգմանչուհի, ՍՍՀՄ գրող. միութ. անդամ 1958-ից); bIն.տ. (Վահան Տերյանի քրոջ դուստրն է)

670 ## - SOURCE DATA FOUND

  • Source citation: Վերջին ամառը, 1979 :
  • Information found: տիտղթ. (Կ. Սիմոնով; Ռուս. թարգմ.՝ Ա. Վարդապետյան); (Վարդապետյան Արփիկ)


ՀՀ ԳԱԱ հիմնարար գիտական գրադարան
ՀՀ,Երևան 0019
Մարշալ Բաղրամյան 24/6
հեռախոս:(374-10) 52-47-50
Հետադարձ կապ

All site content, except where otherwise noted, is licensed under a
Creative Commons License